MARC

LEADER 00000nam0a2200000 4500
001 357125
005 20231102010947.0
035 |a (RuTPU)RU\TPU\retro\14385 
090 |a 357125 
100 |a 20200729d1967 k y0rusy50 ca 
101 0 |a rus 
102 |a RU 
105 |a a z 001zy 
200 1 |a Состояние и задачи палеонтолого-стратиграфических исследований в Сибири  |e авторский очерк  |f Л. Л. Халфин  |g Академия наук СССР, Сибирское отделение 
210 |a Новосибирск  |c Наука  |d 1967 
215 |a С. 8-16  |c ил. 
225 1 |a Стратиграфия палеозоя Средней Сибири 
320 |a Библиогр. в конце ст. 
606 1 |a Палеонтология  |y Сибирь  |2 stltpush  |3 (RuTPU)RU\TPU\subj\48015  |9 66897 
606 1 |a Стратиграфия  |y СССР  |2 stltpush  |3 (RuTPU)RU\TPU\subj\80221  |9 87993 
610 1 |a ископаемая фауна 
610 1 |a ископаемая флора 
610 1 |a отложения 
610 1 |a подразделения 
610 1 |a разрезы 
610 1 |a коллекция ТПУ 
675 |a 56(571.1/.5)  |v 4 
675 |a 551.7(47+57)  |v 4 
700 1 |a Халфин  |b Л. Л.  |c геолог, горный инженер  |c профессор Томского политехнического института, доктор геолого-минералогических наук  |f 1902-1977  |g Леонтий Леонтьевич  |2 stltpush  |3 (RuTPU)RU\TPU\pers\1945 
712 0 2 |a Академия наук СССР  |b Сибирское отделение  |c (Новосибирск)  |2 stltpush  |3 (RuTPU)RU\TPU\col\11215 
801 1 |a RU  |b 63413507  |c 20200729 
801 2 |a RU  |b 63413507  |c 20200730  |g RCR 
942 |c BK